| 000 | 00716nam a2200217Ia 4500 | ||
|---|---|---|---|
| 999 |
_c36066 _d36066 |
||
| 001 | 1966 | ||
| 003 | GE_BSU | ||
| 005 | 20221006150923.0 | ||
| 008 | 181216s1999ru xx |||||||||||||| ||rus|| | ||
| 020 | _a579750259 | ||
| 040 | _cGE_BSU | ||
| 041 | _arus | ||
| 080 | _a342.4(075.8) К-64 | ||
| 245 |
_aКонституционное право : _bУчебник / _cОтв.ред.В.В.Лазарев. |
||
| 264 |
_aМосква : _bЮристь, _c1999. |
||
| 300 | _a592 стр.: | ||
| 653 | _aКонституционное право | ||
| 653 | _aკონსტიტუციური სამართალი | ||
| 700 |
_aЛазарев, В.В. _eრედაქტორი _915116 |
||
| 942 |
_cBK _2udc |
||